00261 2200121 4500001002100000005001500021035002000036245004000056300000800096260001500104082000800119084001200127INLIS00000000000209120250527095928 a0010-0525000383 aDihempas Badai /cSri Ruspita Murni a116 bMGW,c2001 a813 a813 DIH